PAPA' E' IN VIAGGIO D'AFFARI (Record n. 106793)
[ formato base ]
| 000 -LEADER | |
|---|---|
| fixed length control field | 01625agaaa2200337 4500 |
| 001 - CONTROL NUMBER | |
| control field | 0958 |
| 003 - CONTROL NUMBER IDENTIFIER | |
| control field | IT-RoPAU |
| 005 - DATE AND TIME OF LATEST TRANSACTION | |
| control field | 20220918181250.0 |
| 007 - PHYSICAL DESCRIPTION FIXED FIELD--GENERAL INFORMATION | |
| fixed length control field | d cvaizq |
| 008 - FIXED-LENGTH DATA ELEMENTS--GENERAL INFORMATION | |
| fixed length control field | 50131s9999||||xx ||| | || ||und|| |
| 040 ## - CATALOGING SOURCE | |
| Original cataloging agency | IT-RoPAU |
| Transcribing agency | IT-RoPAU |
| 041 ## - LANGUAGE CODE | |
| Language code of text/sound track or separate title | ITALIANO |
| 100 ## - MAIN ENTRY--PERSONAL NAME | |
| Personal name | Kusturica Emir |
| Miscellaneous information | Codice regista SPICS: 26358 |
| 9 (RLIN) | 48775 |
| 130 ## - MAIN ENTRY--UNIFORM TITLE | |
| Uniform title | PAPA' E' IN VIAGGIO D'AFFARI |
| 9 (RLIN) | 48776 |
| 240 ## - UNIFORM TITLE | |
| Uniform title | OTAC NA SLUZBENOM PUTU |
| Miscellaneous information | T0755 |
| 245 ## - TITLE STATEMENT | |
| Title | PAPA' E' IN VIAGGIO D'AFFARI |
| Statement of responsibility, etc. | Prodotto da: Traxler Manfredi -- Sceneggiatura: Sidran Abdulah -- Diretto da: Kusturica Emir |
| Name of part/section of a work | PAPA' E' IN VIAGGIO D'AFFARI (Rif. Codice opera principale : V0958) |
| 246 ## - VARYING FORM OF TITLE | |
| Title proper/short title | OTAC NA SLUZBENOM PUTU |
| 250 ## - EDITION STATEMENT | |
| Edition statement | Edizione Standard |
| 260 ## - PUBLICATION, DISTRIBUTION, ETC. (IMPRINT) | |
| Place of publication, distribution, etc. | SARAYEVO (JUGOSLAVIA) |
| Name of publisher, distributor, etc. | FORUM / Distribuzione: SPF FIRENZE |
| Date of manufacture | "1985 (1° ed.: 1993 ; Ed. Lingua Orig.: 1985)" |
| 300 ## - PHYSICAL DESCRIPTION | |
| Extent | 16MM |
| Other physical details | sonoro, col. |
| Dimensions | 130 minuti |
| 508 ## - CREATION/PRODUCTION CREDITS NOTE | |
| Creation/production credits note | "Fotografia: Filac Vilko; Montaggio: Zafranovic Andrija; Musica: Simjanovic Zoran; Sceneggiatura: Sidran Abdulah; Scenografia: Lukovac Pedrag; " |
| 511 ## - PARTICIPANT OR PERFORMER NOTE | |
| Participant or performer note | "Manojlovic Miki; Karanovic Mirjana; De; Bartolli Moreno; Nadarevic Mustafa" |
| 520 ## - SUMMARY, ETC. | |
| Summary, etc. | FILM A COLORI. PELLICOLA IN BUONO STATO. PER LA TRAMA VEDERE VIDEOCASSETTA: 9960/74487. |
| 538 ## - SYSTEM DETAILS NOTE | |
| System details note | MONO |
| 546 ## - LANGUAGE NOTE | |
| Language note | ITALIANO |
| 650 ## - SUBJECT ADDED ENTRY--TOPICAL TERM | |
| Topical term or geographic name as entry element | COMMEDIA |
| Relator term | PELLICOLE CINEMA [16 MM] |
| General subdivision | Codice MATERIA SPICS: 9955 |
| 9 (RLIN) | 48777 |
| 700 ## - ADDED ENTRY--PERSONAL NAME | |
| Personal name | Kusturica Emir |
| Relator term | (regista) |
| Miscellaneous information | Codice regista SPICS: 26358 |
| 9 (RLIN) | 48778 |
| 700 ## - ADDED ENTRY--PERSONAL NAME | |
| Personal name | Sidran Abdulah |
| Relator term | (soggetto) |
| Miscellaneous information | Codice Soggetto SPICS: 26360 |
| 9 (RLIN) | 48779 |
| 700 ## - ADDED ENTRY--PERSONAL NAME | |
| Personal name | Simjanovic Zoran |
| Relator term | (musica) |
| Miscellaneous information | Codice Musica SPICS: 26368 |
| 9 (RLIN) | 48780 |
| 942 ## - ADDED ENTRY ELEMENTS (KOHA) | |
| Koha item type | 16 MM |
| Source of classification or shelving scheme | Dewey Decimal Classification |
| Withdrawn status | Lost status | Damaged status | Not for loan | Home library | Current library | Date acquired | Total Checkouts | Full call number | Date last seen | Price effective from | Koha item type | Public note |
|---|---|---|---|---|---|---|---|---|---|---|---|---|
| Buone Condizioni | Not For Loan | SPICS-MEDIATECA | SPICS-MEDIATECA | 31/01/2015 | V0958 | 31/01/2015 | 31/01/2015 | 16 MM | Progr. Ins.: 1181 / N.Vol.:2 / Copie: 1 / Pag.:0 / Copia rara: n.d. / date import: 1.2.2015 / By Epidotti, Trombetti, Vaglietti - CUSTODITA PRESSO FILMOTECA VATICANA |